<?xml version="1.0" encoding="UTF-8"?>
<record
    xmlns:xsi="http://www.w3.org/2001/XMLSchema-instance"
    xsi:schemaLocation="http://www.loc.gov/MARC21/slim http://www.loc.gov/standards/marcxml/schema/MARC21slim.xsd"
    xmlns="http://www.loc.gov/MARC21/slim">

  <leader>03634nam a2200589Ii 4500</leader>
  <controlfield tag="001">DIGCSIC0435</controlfield>
  <controlfield tag="003">NyNyDIG</controlfield>
  <controlfield tag="008">190516s2018    sp a    ob    000 0 spa d</controlfield>
  <controlfield tag="006">m     o  d        </controlfield>
  <controlfield tag="007">cr |||||||||||</controlfield>
  <datafield tag="035" ind1=" " ind2=" ">
    <subfield code="a">(OCoLC)1102094881</subfield>
  </datafield>
  <datafield tag="040" ind1=" " ind2=" ">
    <subfield code="a">DGITA</subfield>
    <subfield code="b">eng</subfield>
    <subfield code="e">rda</subfield>
    <subfield code="e">pn</subfield>
    <subfield code="c">DGITA</subfield>
  </datafield>
  <datafield tag="020" ind1=" " ind2=" ">
    <subfield code="a">9788400104047</subfield>
    <subfield code="q">(e-ISBN)</subfield>
  </datafield>
  <datafield tag="020" ind1=" " ind2=" ">
    <subfield code="a">8400104048</subfield>
    <subfield code="q">(e-ISBN)</subfield>
  </datafield>
  <datafield tag="020" ind1=" " ind2=" ">
    <subfield code="z">9788400104030</subfield>
  </datafield>
  <datafield tag="020" ind1=" " ind2=" ">
    <subfield code="z">840010403X</subfield>
  </datafield>
  <datafield tag="024" ind1="7" ind2=" ">
    <subfield code="a">059-18-120-3</subfield>
    <subfield code="q">(e-NIPO)</subfield>
    <subfield code="2">nipo</subfield>
  </datafield>
  <datafield tag="024" ind1="7" ind2=" ">
    <subfield code="z">059-18-119-0</subfield>
    <subfield code="2">nipo</subfield>
  </datafield>
  <datafield tag="041" ind1="0" ind2=" ">
    <subfield code="a">spa</subfield>
    <subfield code="a">fre</subfield>
  </datafield>
  <datafield tag="043" ind1=" " ind2=" ">
    <subfield code="a">e-sp---</subfield>
  </datafield>
  <datafield tag="050" ind1="1" ind2="4">
    <subfield code="a">DP104 ebook</subfield>
  </datafield>
  <datafield tag="082" ind1="0" ind2="4">
    <subfield code="a">946.02</subfield>
  </datafield>
  <datafield tag="245" ind1="0" ind2="0">
    <subfield code="a">Circulaciones mudej&#xE1;res y moriscas :</subfield>
    <subfield code="b">redes de contacto y representaciones /</subfield>
    <subfield code="c">Alice Kadri, Yolanda Moreno, Ana Echevarr&#xED;a (eds.)</subfield>
  </datafield>
  <datafield tag="264" ind1=" " ind2="1">
    <subfield code="a">Madrid :</subfield>
    <subfield code="b">Consejo Superior de Investigaciones Cient&#xED;ficas,</subfield>
    <subfield code="c">2018.</subfield>
  </datafield>
  <datafield tag="300" ind1=" " ind2=" ">
    <subfield code="a">1 online resource :</subfield>
    <subfield code="b">illustrations (some color)</subfield>
  </datafield>
  <datafield tag="336" ind1=" " ind2=" ">
    <subfield code="a">text</subfield>
    <subfield code="b">txt</subfield>
    <subfield code="2">rdacontent</subfield>
  </datafield>
  <datafield tag="337" ind1=" " ind2=" ">
    <subfield code="a">computer</subfield>
    <subfield code="b">c</subfield>
    <subfield code="2">rdamedia</subfield>
  </datafield>
  <datafield tag="338" ind1=" " ind2=" ">
    <subfield code="a">online resource</subfield>
    <subfield code="b">cr</subfield>
    <subfield code="2">rdacarrier</subfield>
  </datafield>
  <datafield tag="347" ind1=" " ind2=" ">
    <subfield code="a">text file</subfield>
    <subfield code="2">rdaft</subfield>
  </datafield>
  <datafield tag="347" ind1=" " ind2=" ">
    <subfield code="b">PDF</subfield>
  </datafield>
  <datafield tag="490" ind1="1" ind2=" ">
    <subfield code="a">Estudios &#xE1;rabes e isl&#xE1;micos. Monograf&#xED;as ;</subfield>
    <subfield code="v">21</subfield>
  </datafield>
  <datafield tag="504" ind1=" " ind2=" ">
    <subfield code="a">Includes bibliographical references.</subfield>
  </datafield>
  <datafield tag="505" ind1="0" ind2=" ">
    <subfield code="a">Los mud&#xE9;jares de Castilla y la migraci&#xF3;n a d&#x101;r al-isl&#x101;m (ca. 1450-1502) : &#xBF;superioridad del v&#xED;nculo religioso sobre el de la naturaleza? / Pablo Ortega Rico -- Les relations des musulmans de Castille et du Portugal avec ceux de la d&#x101;r al-isl&#x101;m, du XIIe auXVe si&#xE8;cle / Jean-Pierre Mol&#xE9;nat -- Tres ri&#x1E25;las mud&#xE9;jares : el viaje de peregrinaci&#xF3;n a La Meca de los musulmanes castellano-aragoneses durante los siglos XIV-XVI / Xavier Casassas -- Arrieros, mercaderes, mesoneros... : la movilidad de los moriscos de Castilla la Vieja / Seraf&#xED;n de Tapia S&#xE1;nchez -- Redes y trasiegos entre los moriscos de Valladolid y Cu&#xE9;llar / Luis Araus Ballesteros -- Formas de movilidad entre los moriscos del Campa de Calatrava / Trevor J. Dadson -- La circulaci&#xF3;n de los moriscos en los relatos cristianos de la guerra de las Alpujarras (Hurtado de Mendoza, M&#xE1;rmol Carvajal, Gin&#xE9;s P&#xE9;rez de Hita) / Alice Carette-Isma&#xEF;l -- Circulaci&#xF3;n de manuscritos mud&#xE9;jares y moriscos : implicaciones y problem&#xE1;ticas / Mar&#xED;a Jes&#xFA;s Viguera Molins -- Comunicaci&#xF3;n y circulaci&#xF3;n de la informaci&#xF3;n entre los moriscos / Hossain Bouzineb -- A la b&#xFA;squeda de manuscritos moriscos perdidos : nuevos testimonios aljamiados y &#xE1;rabes / Nuria de Castilla -- L'&#xE9;tude philologique des manuscrits aljamiados, un r&#xE9;v&#xE9;lateur de ciruclations mud&#xE9;jares / Alice Kadri -- Mud&#xE9;jars et morisques : bouger pour survivre? : notes conclusives sur les dimensions sociale et spatiale du probl&#xE8;me / St&#xE9;phane Boissellier.</subfield>
  </datafield>
  <datafield tag="546" ind1=" " ind2=" ">
    <subfield code="a">In Spanish with three contributions in French.</subfield>
  </datafield>
  <datafield tag="588" ind1="0" ind2=" ">
    <subfield code="a">Online resource; title from PDF title page (Digitalia, viewed May 25, 2019)</subfield>
  </datafield>
  <datafield tag="650" ind1=" " ind2="0">
    <subfield code="a">Mud&#xE9;jares.</subfield>
  </datafield>
  <datafield tag="650" ind1=" " ind2="0">
    <subfield code="a">Moriscos.</subfield>
  </datafield>
  <datafield tag="650" ind1=" " ind2="0">
    <subfield code="a">Muslims</subfield>
    <subfield code="z">Spain</subfield>
    <subfield code="x">History</subfield>
    <subfield code="y">To 1500.</subfield>
  </datafield>
  <datafield tag="650" ind1=" " ind2="0">
    <subfield code="a">Christians</subfield>
    <subfield code="z">Spain</subfield>
    <subfield code="x">History</subfield>
    <subfield code="y">To 1500.</subfield>
  </datafield>
  <datafield tag="651" ind1=" " ind2="0">
    <subfield code="a">Spain</subfield>
    <subfield code="x">Religion.</subfield>
  </datafield>
  <datafield tag="655" ind1=" " ind2="0">
    <subfield code="a">Electronic books.</subfield>
  </datafield>
  <datafield tag="700" ind1="1" ind2=" ">
    <subfield code="a">Kadri, Alice,</subfield>
    <subfield code="e">editor.</subfield>
  </datafield>
  <datafield tag="700" ind1="1" ind2=" ">
    <subfield code="a">Moreno Koch, Yolanda,</subfield>
    <subfield code="e">editor.</subfield>
  </datafield>
  <datafield tag="700" ind1="1" ind2=" ">
    <subfield code="a">Echevarria, Ana,</subfield>
    <subfield code="e">editor.</subfield>
  </datafield>
  <datafield tag="791" ind1="2" ind2=" ">
    <subfield code="a">Digitalia (Firm),</subfield>
    <subfield code="e">distributor.</subfield>
  </datafield>
  <datafield tag="793" ind1="0" ind2=" ">
    <subfield code="g">Digitalia eBook Collection:</subfield>
    <subfield code="a">Editorial CSIC</subfield>
  </datafield>
  <datafield tag="776" ind1="0" ind2="8">
    <subfield code="i">Print version:</subfield>
    <subfield code="t">Circulaciones mudej&#xE1;res y moriscas</subfield>
    <subfield code="z">9788400104030</subfield>
    <subfield code="w">(OCoLC)1084507867</subfield>
  </datafield>
  <datafield tag="830" ind1=" " ind2="0">
    <subfield code="a">Estudios &#xE1;rabes e isl&#xE1;micos.</subfield>
    <subfield code="p">Monograf&#xED;as ;</subfield>
    <subfield code="v">21.</subfield>
  </datafield>
  <datafield tag="856" ind1="4" ind2="0">
    <subfield code="3">Digitalia Hisp&#xE1;nica</subfield>
    <subfield code="u">https://www.digitaliapublishing.com/a/56656/</subfield>
  </datafield>
  <datafield tag="910" ind1=" " ind2=" ">
    <subfield code="a">Premium collection: 2019</subfield>
  </datafield>
  <datafield tag="942" ind1=" " ind2=" ">
    <subfield code="c">RAA</subfield>
  </datafield>
  <datafield tag="952" ind1=" " ind2=" ">
    <subfield code="0">0</subfield>
    <subfield code="1">0</subfield>
    <subfield code="4">0</subfield>
    <subfield code="7">0</subfield>
    <subfield code="8">DEH</subfield>
    <subfield code="a">BD-UIN</subfield>
    <subfield code="b">BD-UIN</subfield>
    <subfield code="d">2025-04-25</subfield>
    <subfield code="l">0</subfield>
    <subfield code="r">2025-04-25</subfield>
    <subfield code="w">2025-04-25</subfield>
    <subfield code="y">RAA</subfield>
  </datafield>
  <datafield tag="999" ind1=" " ind2=" ">
    <subfield code="c">254998</subfield>
    <subfield code="d">254998</subfield>
  </datafield>
</record>
